Welcome to CU Library Online Public Access Catalogue (OPAC)

The King and the Beast : (Record no. 6666)

MARC details
000 -LEADER
fixed length control field 00523cam a2200169 a 4500
001 - CONTROL NUMBER
control field 3964459
005 - DATE AND TIME OF LATEST TRANSACTION
control field 20250625100732.0
008 - FIXED-LENGTH DATA ELEMENTS--GENERAL INFORMATION
fixed length control field 940114s1991 tnub 000 0 eng
020 ## - INTERNATIONAL STANDARD BOOK NUMBER
International Standard Book Number 0840720270
050 00 - LIBRARY OF CONGRESS CALL NUMBER
Classification number BS2095
Item number .C66 1991b
082 00 - DEWEY DECIMAL CLASSIFICATION NUMBER
Classification number 225.5/208
Edition information 20
245 14 - TITLE STATEMENT
Title The King and the Beast :
Remainder of title a student New Testament : Contemporary English Version.
260 ## - PUBLICATION, DISTRIBUTION, ETC.
Place of publication, distribution, etc. Nashville :
Name of publisher, distributor, etc. Thomas Nelson Publishers,
Date of publication, distribution, etc. c1991.
300 ## - PHYSICAL DESCRIPTION
Extent iii, 692 p. :
Other physical details maps ;
Dimensions 21 cm.
710 2# - ADDED ENTRY--CORPORATE NAME
Corporate name or jurisdiction name as entry element Thomas Nelson Publishers.
942 ## - ADDED ENTRY ELEMENTS (KOHA)
Source of classification or shelving scheme Library of Congress Classification
Koha item type Books
Suppress in OPAC No
999 ## -
-- 6666
-- 6666
Holdings
Withdrawn status Lost status Source of classification or shelving scheme Damaged status Not for loan Collection Home library Current library Shelving location Date acquired Total checkouts Full call number Barcode Date last seen Copy number Price effective from Koha item type
    Library of Congress Classification     Non-fiction Undergraduate Library (Christ Temple) Undergraduate Library (Christ Temple) General stacks 06/25/2025   BS19.7 ABR ulct00003496 06/25/2025 1 06/25/2025 Books
© 2023-2024 Copyright: Central University Libraries. All Rights Reserved | Created by: Mahone Tech Office